<?xml version="1.0" encoding="UTF-8"?><?xml-stylesheet type="text/xsl" href="static/style.xsl"?><OAI-PMH xmlns="http://www.openarchives.org/OAI/2.0/" xmlns:xsi="http://www.w3.org/2001/XMLSchema-instance" xsi:schemaLocation="http://www.openarchives.org/OAI/2.0/ http://www.openarchives.org/OAI/2.0/OAI-PMH.xsd"><responseDate>2026-05-17T22:45:52Z</responseDate><request verb="GetRecord" identifier="oai:recam.amb.cat:20.500.14439/4783" metadataPrefix="marc">https://recam.amb.cat/rest/oai/request</request><GetRecord><record><header><identifier>oai:recam.amb.cat:20.500.14439/4783</identifier><datestamp>2026-05-06T23:46:10Z</datestamp><setSpec>com_20.500.14439_2628</setSpec><setSpec>com_20.500.14439_123</setSpec><setSpec>col_20.500.14439_4778</setSpec></header><metadata><record xmlns="http://www.loc.gov/MARC21/slim" xmlns:dcterms="http://purl.org/dc/terms/" xmlns:xsi="http://www.w3.org/2001/XMLSchema-instance" xmlns:doc="http://www.lyncode.com/xoai" xsi:schemaLocation="http://www.loc.gov/MARC21/slim http://www.loc.gov/standards/marcxml/schema/MARC21slim.xsd">
   <leader>00925njm 22002777a 4500</leader>
   <datafield ind2=" " ind1=" " tag="042">
      <subfield code="a">dc</subfield>
   </datafield>
   <datafield ind2=" " ind1=" " tag="720">
      <subfield code="a">Observatori Metropolità de l'Habitatge de Barcelona</subfield>
      <subfield code="e">author</subfield>
   </datafield>
   <datafield ind2=" " ind1=" " tag="260">
      <subfield code="c">2018-01-01</subfield>
   </datafield>
   <datafield ind2=" " ind1=" " tag="520">
      <subfield code="a">L'informe s'ha dividit en cinc capítols. En el primer, s'analitzen les necessitats residencials de la població, tot focalitzant-se en les dinàmiques de la població i les llars. Així mateix, també es presenten les principals tendències de la mobilitat residencial, entesa com els canvis d'habitatge que realitza la població a la metròpoli de Barcelona. En el segon apartat, el focus es trasllada cap al parc d'habitatge, on s'incorporen noves dades destinades a ajustar la comptabilització del parc d'habitatge a l'àrea metropolitana de Barcelona i també sobre el règim de tinença, per citar-ne algunes. En el tercer apartat es tracten els aspectes lligats a la construcció i la rehabilitació d'edificis residencials. En el quart, s'analitzen les principals dinàmiques del mercat de l'habitatge, diferenciant entre els segments de compravenda i de lloguer, i incorporant nova informació que permet aproximar-se a la sobrevaloració de les ofertes d'habitatge de lloguer. En el cinquè apartat, el focus són les problemàtiques d'accés i de permanència en l'habitatge. Es parteix de la creixent diferenciació entre els ingressos de les llars i els preus mitjans de l'habitatge, per continuar amb les implicacions que se'n deriven sobre l'esforç d'accés, el cost de l'habitatge i els processos d'exclusió residencial. Finalment, l'informe es clou amb unes conclusions a mode de resum executiu.</subfield>
   </datafield>
   <datafield ind1="8" ind2=" " tag="024">
      <subfield code="a">https://hdl.handle.net/20.500.14439/4783</subfield>
   </datafield>
   <datafield tag="653" ind2=" " ind1=" ">
      <subfield code="a">Rehabilitació de l'habitatge</subfield>
   </datafield>
   <datafield tag="653" ind2=" " ind1=" ">
      <subfield code="a">Habitatge</subfield>
   </datafield>
   <datafield ind2="0" ind1="0" tag="245">
      <subfield code="a">L'habitatge a la metròpoli de Barcelona en el 2018: sistema d'indicadors</subfield>
   </datafield>
</record></metadata></record></GetRecord></OAI-PMH>